000 00488nam a22001937a 4500
003 MPLRDC
005 20220104114705.0
008 210129b ||||| |||| 00| 0 eng d
020 _a7-5062-2811-4
082 _a788 SJWH v.2
100 _a谢天振主编
245 _a罗素传
_c
250 _a一版一刷
260 _a
_b世界图书出版公司
_c1995
300 _b
490 _a世界文化名人传记丛书
650 _a名人传记--罗素
942 _cBK
_o788 SJWH v.2
999 _c9461
_d9451